| 000 | 01076cam a2200289 a 4500 | ||
|---|---|---|---|
| 999 |
_c356151 _d356151 |
||
| 001 | 15596253 | ||
| 003 | NUST | ||
| 005 | 20180210082344.0 | ||
| 008 | 090123s2009 nyu 001 0 eng | ||
| 010 | _a 2009001596 | ||
| 020 | _a9780826438775 (pbk.) | ||
| 020 | _a0826438776 (pbk.) | ||
| 035 | _a(OCoLC)ocn300462661 | ||
| 040 |
_aDLC _cDLC _dYDX _dCDX _dYDXCP _dDLC |
||
| 050 | 0 | 0 |
_aLB3012 _b.L43 2009 |
| 082 | 0 | 0 |
_a371.5 _222 |
| 100 | 1 |
_aLeaman, Louisa. _99981 |
|
| 245 | 1 | 0 |
_aManaging very challenging behaviour / _cLouisa Leaman. |
| 250 | _a2nd ed. | ||
| 260 |
_aNew York : _bContinuum International Pub. Group, _c2009. |
||
| 300 |
_aix, 131 p. ; _c22 cm. |
||
| 500 | _aIncludes index. | ||
| 650 | 0 |
_aSchool discipline. _99982 |
|
| 650 | 0 |
_aClassroom management. _99983 |
|
| 650 | 0 |
_aProblem children _xBehavior modification. _99984 |
|
| 906 |
_a7 _bcbc _corignew _d1 _eecip _f20 _gy-gencatlg |
||
| 942 |
_2ddc _cBK |
||